| 000 | 00626nam a22001817a 4500 | ||
|---|---|---|---|
| 999 |
_c171455 _d171455 |
||
| 005 | 20200114104654.0 | ||
| 010 | _aENG-127404 | ||
| 020 |
_a9780199481354 _c1095.00 |
||
| 035 | _aEN-110936 | ||
| 037 | _bDBAD/PUB | ||
| 082 | _a954.07092 | ||
| 100 | _aGrewal,J.S | ||
| 245 |
_aA political biography of maharaja Ripudaman Sing of Nabha: _cby J.S Grewal [and] Indu Banga _bparamountcy,patriotism and the panth |
||
| 260 |
_aNew Delhi _bOxford university press _c2018 |
||
| 270 |
_a2/11 Ground floor,Ansari Road,Daryaganj _bNew Delhi _e110002 |
||
| 300 |
_a353p. _c22cm(hb) |
||
| 942 |
_2ddc _cEN _h954.07092 _mKHU |
||